000 01207nam a2200241Ia 4500
999 _c42424
_d42424
001 9120
003 GE_BSU
005 20240603164020.0
008 181216s2014||||ge |||||||||||||| ||geo||
020 _a1512-2468
040 _cGE_BSU
041 _ageo
080 _a1(479.22) ფ–56
100 _a
_922295
245 _aფილოსოფიური ძიებანი = Philosophical Investigations :
_b[წელიწდეული] N 18. /
_cსაქართველოს ფილოსოფიურ მეცნიერებათა აკადემია ; რედაქტორი სერგი ავალიანი.
264 _aთბილისი :
_bუნივერსალი,
_c2014.
300 _a295 გვ. ;
_c20 სმ.
500 _aთავფურცელი ქართულ და ინგლისურ ენებზე
653 _aფილოსოფიური ძიებანი
700 _aავალიანი, სერგი
_eრედაქტორი
_9356
856 _uhttps://dspace.nplg.gov.ge/bitstream/1234/136137/1/Filosofiuri_Dziebani_2014_N18.pdf
_yელ. ვერსია
942 _cBK
_2udc